| 000 | 00605nam a2200229Ia 4500 | ||
|---|---|---|---|
| 003 | OSt | ||
| 005 | 20220928115458.0 | ||
| 006 | a|||||r|||| 00| 0 | ||
| 007 | ta | ||
| 008 | 220927b |||||||| |||| 00| 0 eng d | ||
| 024 | _a57366 | ||
| 037 | _cTextual | ||
| 040 |
_aSDCL _cSDCL _beng |
||
| 041 |
_2eng _aeng |
||
| 082 | _aV465,12'N6, M4 | ||
| 100 |
_aMa'oz Moshe _9444480 |
||
| 245 | 0 | _aPalestinian leadership on the West bank | |
| 260 |
_aLondon _bFrank Cass _c1984 |
||
| 300 |
_axi,217p _ccm. |
||
| 942 |
_hV465,12'N6, M4 _cTEXL _2CC |
||
| 999 |
_c759568 _d759568 |
||